Pays ayant participé à tous les jeux olympiques d'hiver - Statistiques

Statistiques générales
  • Ce quiz a été pris 565 fois
  • Le résultat moyen est 10 sur 14
Statistiques - réponses
Pays % Correct
France
98%
Etats-Unis
96%
Norvege
88%
Canada
87%
Suede
87%
Finlande
85%
Suisse
81%
Italie
80%
Autriche
74%
Grande Bretagne
71%
Pologne
55%
Hongrie
45%
Republique Tcheque
34%
Slovaquie
29%
Aucun quiz correspondant
Distribution des résultats
% des personnes avec chaque résultat
Percentile par nombre de réponses
Votre historique - résultats
Vous n’avez pas pris ce quiz